La brecha digital : el riesgo de la exclusión en la sociedad de la información /

Salvato in:
Dettagli Bibliografici
Autore principale: Ballestero, Fernando (autor)
Natura: Libro
Lingua:spagnolo
Pubblicazione: Madrid, España : Fundación Retevisión, 2002, c2002
Serie:(Biblioteca Fundación Retevisión)
Soggetti:
Tags: Aggiungi Tag
Nessun Tag, puoi essere il primo ad aggiungerne!!

MARC

LEADER 00000nam^a2200000^a^4500
001 000156462
005 20250521000000.0
009 20260310100504.621
020 |a 84-931542-9-6 
037 |a Acervo ITESO - Biblioteca 
041 |a ESP 
082 |a 302. 23701  |b BAL 
100 |a Ballestero, Fernando  |e (autor) 
245 1 3 |a La brecha digital :  |b el riesgo de la exclusión en la sociedad de la información /  |c F. Ballestero ; pról. de Pedro Solbes. 
264 4 |a Madrid, España :  |b Fundación Retevisión,  |c 2002, c2002 
300 |a 174 p. 
336 |a texto  |b txt  |2 rdacontenido 
337 |a sin mediación  |b n  |2 rdamedio 
338 |a volumen  |b nc  |2 rdasoporte 
440 1 |a (Biblioteca Fundación Retevisión) 
649 |a XX 
650 |a Internet -  |x Aspectos Sociales y Culturales 
650 |a Comunicación en Red -  |x Aspectos Sociales y Culturales 
650 |a Redes de Computadoras -  |x Aspectos Sociales y Culturales 
650 |a Tecnologías de Comunicación e Información -  |x Aspectos Sociales y Culturales 
650 |a Igualdad y Desigualdad -  |x Medición 
650 |a Unificación Política -  |z Europa 
650 |a Política Económica 
650 |a Política de Comunicación -  |z Europa -  |x Historia -  |y 1989-2000 
650 |a Política de Comunicación -  |z Europa -  |x Historia -  |y Siglo XXI 
650 |a Economía 
650 |a Medios de Comunicación 
650 |a Comunicación Masiva 
650 |a Comunicación y Política 
650 |a Sociología de la Comunicación 
910 |a Fondo General 
920 |a Impresos - Libros 
930 |a Colección General 
905 |a 101 
901 |a 0500084321  |b IT1  |c ACC  |u 20250521 
902 |a https://opac.biblio.iteso.mx/vufind/Record/000156462